000
00262 a2200109 4500
090
_c
4264
_d
4264
100
_a
Andrew S. Tanenbaum
245
_a
Computer Networks
250
_a
3rd Ed.
260
_a
Prentice Hall
_b
New Delhi
_c
1999
942
_a
NBS
_c
BK
_k
005.754 TAN
999
_c
346711
_d
346711